000 00993nam a22002411i 4500
001 000030496
003 RuMoIPM
005 20260506121613.0
008 120615s1976----ur | c rus
040 _aRuMoIPM
_brus
_ercr
041 1 _arus
_heng
080 _a510.67
080 _a510.5
100 1 _aСакс, Джеральд Е.
245 1 _aТеория насыщенных моделей =
_bSaturated Model Theory
_cДж. Е. Сакс
_c[Пер. с англ. Л. Л. Максимовой и Е. А. Палютина] ; Под ред. [и с предисл.] А. Д. Тайманова
260 _aМосква
_bМир
_c1976
300 _a190 с.
500 _aПер. изд.: Saturated model theory / Gerald E. Sacks (Massachusetts, 1972)
504 _aБиблиогр.: с. 181-182
504 _aУказ. обозначений и терминов: с. 183-188
700 1 _aТайманов, Асан Дабсович
_eред.
_eавт. предисл.
942 _cBK
999 _c30496
_d30496